HIGH COURT CRIMINAL SESSION NO.432 OF 1969 Uganda Vs Daniel Lol Alias Okiri (Record no. 6142)

MARC details
000 -LEADER
fixed length control field 00318nam a22000977a 4500
008 - FIXED-LENGTH DATA ELEMENTS--GENERAL INFORMATION
fixed length control field 150615b xxu||||| |||| 00| 0 eng d
010 ## - LIBRARY OF CONGRESS CONTROL NUMBER
Field link and sequence number HCCRSF:002
245 ## - TITLE STATEMENT
Title HIGH COURT CRIMINAL SESSION NO.432 OF 1969 Uganda Vs Daniel Lol Alias Okiri
260 ## - PUBLICATION, DISTRIBUTION, ETC. (IMPRINT)
Place of publication, distribution, etc High Court Kampala
500 ## - GENERAL NOTE
Materials specified BEFORE: Hon. Mr. Ag. Justice E.A. Oteng.
Holdings
Withdrawn status Lost status Source of classification or shelving scheme Damaged status Koha normalized classification for sorting Not for loan Location (home branch) Sublocation or collection (holding branch) Shelving location Date acquired Koha issues (times borrowed) Koha full call number Piece designation (barcode) Koha date last seen Price effective from Koha item type
    Dewey Decimal Classification   HCCRSF_002   Archives Archives Archives 06/15/2015   HCCRSF:002 0314/2015 06/15/2015 06/15/2015 Un Reported Cases